|
|
|
|
| LEADER |
00000nam0a2200000 4500 |
| 001 |
104548 |
| 005 |
20231031114045.0 |
| 010 |
|
|
|a 5769527692
|
| 035 |
|
|
|a (RuTPU)RU\TPU\book\112733
|
| 090 |
|
|
|a 104548
|
| 100 |
|
|
|a 20061102d2006 m y0rusy50 ca
|
| 101 |
0 |
|
|a rus
|
| 102 |
|
|
|a RU
|
| 105 |
|
|
|a y j 001zy
|
| 200 |
1 |
|
|a Учение о биосфере
|e учебное пособие
|f О. З. Еремченко
|
| 205 |
|
|
|a 2-е изд., перераб. и доп.
|
| 210 |
|
|
|a Москва
|c Aкадемия
|d 2006
|
| 215 |
|
|
|a 234 с.
|
| 225 |
1 |
|
|a Высшее профессиональное образование. Естественные науки
|
| 320 |
|
|
|a Библиогр.: с. 224.
|
| 320 |
|
|
|a Словарь терминов: с. 225-231.
|
| 330 |
|
|
|a В пособии изложены фундаментальные положения учения о биосфере, разработанные В.И.Вернадским, и новые идеи его последователей. Биосфера рассматривается как целостная система, эволюционирующая под влиянием деятельности живого вещества. Для студентов высших учебных заведений, обучающихся по специальности «Биология». Может быть полезно экологам, почвоведам, географам и другим специалистам естественно-научного профиля.
|
| 610 |
1 |
|
|a биосфера
|
| 610 |
1 |
|
|a учение Вернадского
|
| 610 |
1 |
|
|a биологический круговорот
|
| 610 |
1 |
|
|a эволюция
|
| 610 |
1 |
|
|a техногенез
|
| 610 |
1 |
|
|a жизнь
|
| 610 |
1 |
|
|a живые организмы
|
| 610 |
1 |
|
|a природа
|
| 610 |
1 |
|
|a общество
|
| 610 |
1 |
|
|a взаимосвязь
|
| 610 |
1 |
|
|a человек
|
| 610 |
1 |
|
|a учебные пособия
|
| 675 |
|
|
|a 574(075.8)
|v 3
|
| 700 |
|
1 |
|a Еремченко
|b О. З.
|g Ольга Зиновьевна
|
| 801 |
|
1 |
|a RU
|b 63413507
|c 20061102
|g PSBO
|
| 801 |
|
2 |
|a RU
|b 63413507
|c 20150526
|g PSBO
|
| 900 |
|
|
|a Биология
|
| 942 |
|
|
|c BK
|
| 951 |
|
|
|a 510600
|
| 959 |
|
|
|a 90/20061025
|d 1
|e 125,00
|f ЧЗТЛ:1
|